000
00316nam a2200133Ia 4500
100
_a
Murdick/R.G/ Ross/J.E
942
_c
BK
654
_a
management
245
_a
Information system for modern management
260
_b
prentice hall
_a
New Delhi
_c
1987
082
_a
658.84
_b
MUR
300
_a
466
546
_a
ENGLISH
999
_c
32603
_d
32603